00820nam a2200241 i 4500001001000000003000900010005001700019007000300036008004100039040003000080082001400110100002100124245014800145264004300293300002500336336002700361337003300388338002800421504003000449700003200479700003400511700003300545000016484DO-SdBNP20240715140508.0ta100305s1988 dr 000 0 spa d aDO-SdBNPbspacBNPHUerda bG491r2221 aGimeno, Consuelo10aReflexiones en torno a la identidad del maestro dominicano /cConsuelo Gimeno, Raymundo González, José Manuel Madruga, Leopoldo Artiles Gil 1aSanto Domingo :bCentro Poveda,c1988. a96 páginasc21 cm. 2rdacontentatextobtxt 2rdamediaasin mediaciónbn 2rdacarrieravolumenbnc aBibliografías p: 66, 96 aGonzález, Raymundoeautor1 aMadruga, José Manueleautor1 aArtiles Gil, Leopoldoeautor